000 00282nam a2200109 4500
008 160630b xxu||||| |||| 00| 0 eng d
100 _91533
_a NCERT
245 _aWell Done Guide English - IX
260 _aN,D
_bArya
_c2003
300 _aWell Done Guide English - IX
942 _2ddc
_cBK
999 _c1266
_d1266